<?xml version="1.0" encoding="UTF-8"?>
<record
    xmlns:xsi="http://www.w3.org/2001/XMLSchema-instance"
    xsi:schemaLocation="http://www.loc.gov/MARC21/slim http://www.loc.gov/standards/marcxml/schema/MARC21slim.xsd"
    xmlns="http://www.loc.gov/MARC21/slim">

  <leader>00471nam a2200133   4500</leader>
  <controlfield tag="008">708 W673s</controlfield>
  <datafield tag="082" ind1=" " ind2=" ">
    <subfield code="a">708</subfield>
    <subfield code="b">W673s</subfield>
  </datafield>
  <datafield tag="100" ind1=" " ind2=" ">
    <subfield code="a">Wildi Merino, Ingrid</subfield>
    <subfield code="9">6345</subfield>
  </datafield>
  <datafield tag="245" ind1=" " ind2=" ">
    <subfield code="a">Sistemas de exclusi&#xF3;n</subfield>
  </datafield>
  <datafield tag="260" ind1=" " ind2=" ">
    <subfield code="a">Chile</subfield>
    <subfield code="b">Universidad Andr&#xE9;s Bello &amp; Casa Uno</subfield>
    <subfield code="c">2017</subfield>
  </datafield>
  <datafield tag="300" ind1=" " ind2=" ">
    <subfield code="a">8 p.</subfield>
    <subfield code="b">ill. </subfield>
    <subfield code="c">32 x 23.5 cm</subfield>
  </datafield>
  <datafield tag="650" ind1=" " ind2=" ">
    <subfield code="x">arte contempor&#xE1;neo</subfield>
    <subfield code="x">arte exhibiciones</subfield>
    <subfield code="x">arte - exclusi&#xF3;n social</subfield>
    <subfield code="x">arte - migraci&#xF3;n</subfield>
    <subfield code="x">arte - exilio</subfield>
    <subfield code="x">Chile</subfield>
    <subfield code="9">6346</subfield>
  </datafield>
  <datafield tag="700" ind1=" " ind2=" ">
    <subfield code="a">Varas, Paulina E. (curadora)</subfield>
    <subfield code="9">6347</subfield>
  </datafield>
  <datafield tag="999" ind1=" " ind2=" ">
    <subfield code="c">1473</subfield>
    <subfield code="d">1473</subfield>
  </datafield>
  <datafield tag="952" ind1=" " ind2=" ">
    <subfield code="0">0</subfield>
    <subfield code="1">0</subfield>
    <subfield code="2">ddc</subfield>
    <subfield code="4">0</subfield>
    <subfield code="7">0</subfield>
    <subfield code="a">LV</subfield>
    <subfield code="b">LV</subfield>
    <subfield code="c">Monograf&#xED;as</subfield>
    <subfield code="d">2018-05-26</subfield>
    <subfield code="l">0</subfield>
    <subfield code="o">708 W673s</subfield>
    <subfield code="p">004536</subfield>
    <subfield code="r">2018-05-26 00:00:00</subfield>
    <subfield code="w">2018-05-26</subfield>
    <subfield code="y">01</subfield>
  </datafield>
</record>
